000
00296nam a22001337a 4500
999
_c
58098
_d
58095
020
_a
9789350145920
082
_a
526.9SON
100
_a
Soni, Saurabh Kumar
245
_a
Surveying 1
260
_a
New Delhi:
_b
Kataria and Sons,
_c
2016.
300
_a
363p. ;
650
_a
Surveying
942
_c
BK